[Event "53rd Biel Blitz 2020"]
[Site "Biel"]
[Date "2020.07.25"]
[Round "5.4"]
[White "Naiditsch, Arkadji"]
[Black "Anton Guijarro, David"]
[Result "0-1"]
[WhiteElo "2581"]
[BlackElo "2590"]
[Annotator "TA"]
[PlyCount "118"]
[EventDate "2020.07.21"]
[EventType "tourn"]
[EventCountry "SUI"]
[SourceTitle "playchess.com"]
[Source "ChessBase"]
[SourceQuality "1"]

{[%evp 15,118,-16,0,-9,-12,-12,-20,-10,75,71,61,75,69,69,112,47,60,52,43,41,38,16,192,198,276,135,225,16,277,0,150,0,55,-41,-41,-64,-29,-28,-36,-36,-35,-31,0,0,0,-98,0,-5,-6,-142,0,-203,-201,-216,-210,-263,-209,-214,-204,-189,-148,-1399,-1387,-1221,-357,-699,-686,-1488,-1379,-1429,-952,-864,-755,-1186,-1079,-1113,-989,-1022,-1004,-2054,-1493,-1753,-1661,-1409,-4778,-2033,-2554,-1835,-1616,-6207,-1291,-29972,-29975,-29977,-29978,-29979,-29980,-29984,-29979,-29978,-29977,-29984,-29974,-29983,-29984]} 1. e4 e5 2. Nf3 Nc6 3. Bb5 a6 4. Bxc6 dxc6 5. O-O Bg4 6. h3 h5 7. d3 Qf6 8. Nbd2 g5 9. b4 {[#] C68: Ruy Lopez: Exchange Variation, sidelines.} Be6 $5 $146 {[%mdl 8] New and interesting.} ({Predecessor:} 9... Qg7 10. Nc4 f6 11. hxg4 hxg4 12. Nxg5 Qh6 13. Nh3 Qg6 14. Ne3 gxh3 15. g3 Bxb4 16. Rb1 Bc5 17. Rxb7 {1-0 (38) Guseinov,G (2593)-Sanal,V (2563) Tallinn 2019}) 10. Bb2 Bd6 11. d4 {[%cal Rd4e5] The position is equal.} Qg7 (11... g4 $1 $11 {keeps the balance.} 12. dxe5 Qg7 13. exd6 {[%mdl 64] Discovered Attack} Qxb2) 12. Nxe5 $16 Bxe5 13. dxe5 Ne7 14. Nb3 $36 {[%mdl 2048] White has good play.} Rd8 15. Qe1 (15. Qc1 $16) 15... Bc4 $14 16. Nc5 Bxf1 17. Qxf1 b6 18. Nxa6 Rc8 $2 (18... O-O $1 $11) 19. Rd1 $1 $18 g4 {[#]} (19... Qg6 {was called for.}) 20. h4 (20. Rd7 $1 $18 {[%mdl 512]}) 20... Ng6 {[#]} (20... Qg6 $16) 21. b5 $2 (21. Rd7 $1 $18 {[%mdl 512]}) 21... c5 $2 {[%mdl 8192] [#]} (21... Nxe5 $11 22. bxc6 Nf3+ {[%mdl 64] Discovered Attack} 23. gxf3 Qxb2) 22. Rd5 $2 (22. Rd7 $1 $18 {[%mdl 512]}) 22... O-O ({Black should play} 22... Nf4 $1 $11) 23. c4 (23. Qc1 $16 {aiming for e6!} Rfe8 24. e6 $1 {[%mdl 512]}) 23... Nxh4 (23... Nf4 $1 $11) 24. Qe2 {[#]} (24. Qc1 $1 $14 Rfe8 25. e6 $1 {[%mdl 512]}) 24... Nf3+ $1 $15 {[%mdl 512]} 25. Kf1 {[#]} (25. gxf3 gxf3+) 25... Nd4 $1 {[%mdl 512]} 26. Bxd4 cxd4 27. Nb4 Rfe8 28. Nc6 Ra8 29. Qd2 Re6 30. Qxd4 (30. g3 $11) 30... h4 ({Better is} 30... Qg5 $17 31. Qb2 h4) 31. Rd8+ $1 $11 Re8 32. Ne7+ {[#]} (32. Rxe8+ $11 {was the only way to keep the balance.} Rxe8 33. Qd7) 32... Kh7 ({Black should try} 32... Kf8 $1 $17 33. Rxa8 Rxa8) 33. Rxa8 $2 (33. Rxe8 $1 $11 {and White has nothing to worry.} Rxe8 34. Qd7) 33... Rxa8 {[%mdl 4096] Endgame KQR-KQN} 34. Nf5 Qg5 {[%mdl 1024] ( -> ...Qc1+). Black has strong compensation.} 35. Qb2 Rd8 36. Ne3 h3 {And now ...h2 would win.} 37. g3 Rd3 {...Rxe3 is the strong threat.} 38. Ke2 $2 {[%mdl 8192]} (38. Qe2 $17 Rd4 39. e6) 38... Rxe3+ $19 39. fxe3 {KQ-KQ} Qg6 $2 (39... Qh5 {Threatens to win with ...h2.} 40. Qa1 h2) 40. Qb1 $2 (40. Kd3 Qg5 41. Ke2) 40... Qe6 41. Qc1 Qxe5 42. Qf1 Qb2+ 43. Kd3 Qa3+ 44. Kd4 Qd6+ 45. Kc3 Qe5+ 46. Kd3 Kg6 47. a4 h2 48. Qg2 Qh5 49. Qh1 Qh3 50. e5 Kg7 51. e6 fxe6 52. c5 Qh7+ (52... Qh5 $142 53. e4 Qh3) 53. Kc3 Qh5 {Black mates.} 54. cxb6 cxb6 55. a5 Qc5+ 56. Kd2 Qb4+ 57. Kc2 Qc4+ 58. Kd2 Qa2+ 59. Kd3 Qd5+ {What a bad dream for White. Accuracy: White = 43%, Black = 49%.} 0-1

[Event "53rd Biel Blitz 2020"]
[Site "Biel"]
[Date "2020.07.25"]
[Round "6.1"]
[White "Studer, Noel"]
[Black "Keymer, Vincent"]
[Result "0-1"]
[WhiteElo "2422"]
[BlackElo "2476"]
[Annotator "TA"]
[PlyCount "77"]
[EventDate "2020.07.21"]
[EventType "tourn"]
[EventCountry "SUI"]
[SourceTitle "playchess.com"]
[Source "ChessBase"]
[SourceQuality "1"]

{[%evp 12,77,22,14,7,6,28,13,5,12,8,3,1,9,13,-34,5,0,5,-6,-3,-17,-14,-54,-47,-48,-44,-101,-102,-115,-37,-67,-48,-45,0,0,0,0,0,-135,-122,-143,-143,-239,-245,-297,-277,-285,-274,-280,-195,-385,-384,-354,-358,-414,-320,-439,-429,-424,-428,-5497,-626,-1679,-797,-5581,-5306,-29988]} 1. d4 d5 2. c4 c6 3. cxd5 cxd5 4. Bf4 Nc6 5. e3 Nf6 6. Nc3 a6 7. Be2 Bf5 {D10: Slav Defence: 3 cxd5 (without early Nf3) and 3 Nc3.} 8. Nf3 Nh5 9. Be5 {Threatens to win with Nh4.} e6 {The position is equal.} 10. h3 Nf6 11. Qb3 Na5 12. Qa4+ Nc6 {[#]} 13. Bh2 $146 ({Predecessor:} 13. O-O Be7 14. Rfc1 O-O 15. Bg3 Rc8 16. a3 Na5 17. b4 Nc4 18. Ne5 Nd6 19. Bf4 {½-½ (36) Malchev,E (2437)-Yurov,A (2453) ICCF email 2018}) 13... b5 (13... Qb6 $5 {[%cal Rb6b2]} 14. Qb3 Qxb3 15. axb3 Rc8 $11) 14. Qd1 Bd6 15. Ne5 Bxe5 16. dxe5 Nd7 17. g4 Bg6 $1 18. O-O h5 {aiming for ...hxg4.} (18... Ncxe5 $6 19. f4 $16) 19. Bg3 (19. Rc1 $15 Rc8 20. f4) 19... hxg4 $17 20. hxg4 {[#]} Ndxe5 ({Resist} 20... Ncxe5 21. f4 $15) (20... Qb6 $1 $17 21. Qd2 Rd8) 21. f4 $1 $15 {[%cal Rf4e5]} Nc4 $36 {[%mdl 2048] Black is pushing.} 22. Bxc4 $1 dxc4 23. Qf3 Ne7 {[#]} 24. f5 $1 {[%cal Rf5g6][%mdl 512]} exf5 25. Rad1 (25. gxf5 $11 {was the only way to keep the balance.} Nxf5 26. Qc6+ Kf8 27. Rxf5 {[%mdl 64] Decoy} Bxf5 28. Qc5+ Kg8 29. Qxf5) 25... Qc8 $17 26. Nd5 {[#]} Nxd5 $1 ({Much worse is} 26... fxg4 $6 27. Nc7+ Qxc7 28. Qxa8+ Qc8 29. Qxc8+ Nxc8 30. Rf4 $11) 27. Rxd5 (27. Qxd5 $17 fxg4 28. Bd6) 27... fxg4 $19 28. Re5+ Kf8 29. Qd5 Kg8 30. Rg5 {Strongly threatening Rxg6.} Rh3 31. Rxg6 $2 (31. Be5 Qd8 32. Qxd8+ Rxd8 33. Bd4) 31... Rxg3+ {[%mdl 64] Double Attack} 32. Kh2 Rh3+ 33. Kg2 {[#]} Rf3 $1 34. Rg5 (34. Rxf3 gxf3+) 34... Rxf1 {Black is clearly winning.} 35. Kxf1 Qd8 36. Qc5 (36. Qxd8+ $142 Rxd8 37. Ke2) 36... Qf6+ 37. Ke1 Rd8 38. Rd5 Qh4+ 39. Ke2 {Accuracy: White = 47%, Black = 67%.} 0-1

[Event "53rd Biel Blitz 2020"]
[Site "Biel"]
[Date "2020.07.28"]
[Round "6.2"]
[White "Harikrishna, Pentala"]
[Black "Wojtaszek, Radoslaw"]
[Result "1/2-1/2"]
[WhiteElo "2663"]
[BlackElo "2690"]
[Annotator "TA"]
[PlyCount "117"]
[EventDate "2020.07.21"]
[EventType "tourn"]
[EventCountry "SUI"]

{[%evp 10,117,10,-18,0,0,0,-3,0,-6,0,0,0,0,0,-8,6,3,4,10,11,22,39,11,41,0,0,0,0,-110,-95,-118,-110,-113,-110,-109,-106,-112,-50,-52,-60,-44,-46,-76,-77,-93,-51,-116,-112,-120,-105,-166,-165,-132,-133,-188,-186,-204,-155,-174,-172,-174,-139,-187,0,-62,0,0,0,0,0,0,0,-9,0,0,0,0,0,0,0,0,0,0,0,0,0,0,0,0,0,-24,0,0,0,0,0,0,0,0,0,0,0,0,0,0,0,0,0,0]} 1. c4 Nf6 2. Nc3 e5 3. d3 Nc6 4. Nf3 d5 5. cxd5 Nxd5 6. e3 Nxc3 {A28: English Opening: Four Knights Variation.} 7. bxc3 Bd6 8. Be2 O-O 9. O-O Qe7 10. Nd2 b6 {[#]} 11. Bf3 $146 ({Predecessor:} 11. Nc4 Bb7 12. a4 Nd8 13. d4 Re8 14. a5 Rb8 15. Re1 f6 16. Nxd6 Qxd6 17. Qb3+ {½-½ (57) Alekseev,E (2616)-Golubovic,B (2424) Neum 2004}) 11... Bb7 12. Nc4 Nd8 {[%cal Bc6d8,Bd8e6,Be6g5,Bg5e4,Be4c3,Bc3e2][%mdl 32]} 13. a4 Bxf3 14. Qxf3 Ne6 15. d4 Ng5 16. Qd5 exd4 17. exd4 Ne4 18. Nxd6 cxd6 19. Ba3 (19. Bb2 $11) 19... Nxc3 $17 20. Qf3 Ne2+ 21. Kh1 Nxd4 22. Qd3 Ne6 23. Bxd6 Rfd8 ({Black should play} 23... Qd7 $17 24. Rfd1 Rfd8) 24. Qxh7+ $1 $15 Kxh7 25. Bxe7 Rd2 26. h3 Rc8 $36 {[%mdl 2048] Black is in control.} 27. Bh4 Rcc2 28. Rfd1 ({White should try} 28. Rfb1 $15) 28... Rxd1+ $17 29. Rxd1 {[%mdl 4096] Endgame KRB-KRN} Rc4 30. Bg3 (30. g4 $17) 30... Rxa4 $19 31. Rd7 Kg6 32. Bb8 (32. Rb7 $17) 32... a5 33. Rb7 Rb4 34. Bd6 Rb1+ 35. Kh2 b5 36. g4 f5 $2 ({Better is} 36... Rd1 $19 37. Rb6 b4) 37. Rb6 (37. f4 $11) 37... fxg4 (37... Kf7 $15 38. Rb7+ Kg8) 38. hxg4 $11 Kf7 39. Rb7+ Kg6 40. Rb6 Kf7 {With the idea ...g5.} 41. Rb7+ Kg6 42. f4 Nd4 43. Bf8 Rb2+ 44. Kh3 Rb3+ 45. Kg2 Rb2+ 46. Kg3 Rb3+ 47. Kg2 Rb2+ 48. Kf1 Nf3 {[#] Hoping for ...Nh2+.} 49. Rxg7+ Kf6 50. Rd7 Ke6 51. Ra7 {The position is equal.} Nh2+ 52. Ke1 Nxg4 {White must now prevent ...a4.} 53. Rxa5 Kf5 54. Bg7 Rb3 55. Kd2 Kxf4 56. Kc2 Rg3 57. Rxb5 Ne3+ {[%mdl 64] [#] Discovered Attack} 58. Kb3 Rxg7 59. Rh5 {Whites escaped into a draw. Accuracy: White = 76%, Black = 86%.} 1/2-1/2

[Event "53rd Biel Blitz 2020"]
[Site "Biel"]
[Date "2020.07.25"]
[Round "6.3"]
[White "Edouard, Romain"]
[Black "Adams, Michael"]
[Result "0-1"]
[WhiteElo "2614"]
[BlackElo "2709"]
[Annotator "TA"]
[PlyCount "97"]
[EventDate "2020.07.21"]
[EventType "tourn"]
[EventCountry "SUI"]
[SourceTitle "playchess.com"]
[Source "ChessBase"]
[SourceQuality "1"]

{[%evp 29,97,-26,-20,-30,-28,-42,-16,-54,0,-33,-13,-40,-20,-50,-37,-70,-54,-60,-32,-47,-9,-45,-39,-38,0,-37,-23,-65,-61,-64,-59,-77,-43,-43,-12,-25,-8,-107,-97,-94,-93,-134,-141,-118,-133,-133,-135,-143,-102,-91,-63,-62,-60,-92,-45,-132,-27,-162,-166,-301,0,0,0,-81,-75,-748,-8,-5289,0,-14]} 1. c4 e5 2. Nc3 Nf6 3. Nf3 Nc6 4. d3 g6 5. Bg5 Bg7 6. g3 d6 7. Bg2 h6 8. Bxf6 Bxf6 9. O-O O-O 10. Rb1 a5 11. a3 Bg7 12. b4 axb4 13. axb4 Ne7 14. b5 Be6 15. Nd2 c6 16. bxc6 {A26: English Opening vs King's Indian with ...Nc6 and d3.} bxc6 17. Rb7 {[#]} Bc8 $146 (17... e4 $5 18. d4 (18. Ncxe4 $2 f5 $19) 18... Bxd4 19. Ncxe4 Bg7 $11) ({Predecessor:} 17... e4 18. Ncxe4 f5 19. Nxd6 Qxd6 20. Qb3 Rfb8 21. Rb1 Rxb7 22. Qxb7 Ra2 23. Qb8+ Qxb8 24. Rxb8+ Kf7 25. Nb3 Rxe2 26. Rb7 Re1+ {0-1 (26) Rizvi,N-Hatchett,P ICCF email 2017}) 18. Rb3 Be6 (18... d5 $15) 19. Qc2 d5 20. Rfb1 Nf5 21. e3 d4 22. Nd1 dxe3 23. fxe3 Ra6 24. Ne4 Qa5 25. Qf2 h5 26. h3 Raa8 27. Ng5 Bd7 28. Rb7 Qd8 {Hoping for ...Bc8.} 29. Ne4 Bc8 30. R7b3 Qe7 31. g4 hxg4 32. hxg4 Nd6 33. Ndc3 (33. Nxd6 $11 Qxd6 34. Qg3) 33... Bxg4 34. Nxd6 Qxd6 35. Ne4 Qd8 36. Qg3 Bf5 37. Ng5 {[#]} Bh6 $1 {[%cal Rh6g5]} 38. Ne4 Re8 39. c5 Bxe4 40. Bxe4 Rc8 41. Kf2 Kg7 42. Rb6 (42. Ke2 $1 $15) 42... Qe7 (42... Re6 $17 43. Ke2 Ra8) 43. Rb7 {[#]} (43. Bxc6 $11 {and White stays safe.} Qxc5 44. Bxe8 Qc2+ 45. Kg1 Rxe8 46. R6b3) 43... Rc7 $1 $19 {[%cal Rc7b7]} 44. Bxc6 (44. Rxc7 $142 Qxc7 45. Rf1) 44... Rec8 $2 ({Black should play} 44... Qf6+ $19 45. Bf3 Rxb7 46. Rxb7 e4 47. dxe4 Rxe4) 45. Bd5 $11 Bg5 {Threatens to win with ...Bh4.} 46. Qf3 (46. R1b4 $1 $11 {keeps the balance.}) 46... Qxc5 $17 {aiming for ...Rxb7.} 47. Bxf7 $2 {[%mdl 8192]} (47. Bc4 $17) 47... Bxe3+ $2 (47... Qc2+ $2 48. Kg1 $17) ({Better is} 47... Rf8 $19 48. Rxc7 Qxc7) 48. Kg2 $2 {[%mdl 8192]} (48. Qxe3 $11 Rxf7+ 49. Rxf7+ Kxf7 50. Rb6) 48... Bf4 $2 (48... Qc2+ $19 49. Kg3 Bf4+ 50. Kg4 Kxf7) 49. Be6 {[%mdl 32768] Accuracy: White = 44%, Black = 57%. . Loss on time!?} 0-1

[Event "53rd Biel Blitz 2020"]
[Site "Biel"]
[Date "2020.07.25"]
[Round "6.4"]
[White "Anton Guijarro, David"]
[Black "Naiditsch, Arkadji"]
[Result "1/2-1/2"]
[WhiteElo "2590"]
[BlackElo "2581"]
[Annotator "RC"]
[PlyCount "112"]
[EventDate "2020.07.21"]
[EventType "tourn"]
[EventCountry "SUI"]
[SourceTitle "playchess.com"]
[Source "ChessBase"]
[SourceQuality "1"]
[TimeControl "180+2"]

1. d4 {[%emt 0:00:00]} Nf6 {[%emt 0:00:00]} 2. Nf3 {[%emt 0:00:01]} g6 {[%emt 0:00:00]} 3. Bg5 {[%emt 0:00:08]} Bg7 {[%emt 0:00:01]} 4. Nbd2 {[%emt 0:00:04]} d5 {[%emt 0:00:03]} 5. e3 {[%emt 0:00:02]} O-O {[%emt 0:00:02]} 6. Bd3 {[%emt 0:00:03]} c5 {[%emt 0:00:01]} 7. c3 {[%emt 0:00:02]} Nc6 {[%emt 0:00:02]} 8. O-O {[%emt 0:00:14]} Qb6 {[%emt 0:00:02]} 9. Rb1 {[%emt 0:00:08]} Bg4 {[%emt 0:00:11]} 10. h3 {[%emt 0:00:06]} Bxf3 {[%emt 0:00:02]} 11. Nxf3 {[%emt 0:00:03]} Rfe8 {[%emt 0:00:07]} 12. b4 {[%emt 0:00:10]} cxd4 {[%emt 0:00:18]} 13. cxd4 {[%emt 0:00:03]} Ne4 {[%emt 0:00:07]} 14. Bxe4 {[%emt 0:00:19]} dxe4 {[%emt 0:00:02]} 15. Nd2 {[%emt 0:00:01]} Nxb4 {[%emt 0:00:20]} 16. Qa4 {[%emt 0:00:30]} a5 {[%emt 0:00:14]} 17. a3 {[%emt 0:00:02]} Qc6 {[%emt 0:00:01]} 18. Qxc6 {[%emt 0:00:02]} Nxc6 {[%emt 0:00:01]} 19. Nxe4 {[%emt 0:00:11]} h6 {[%emt 0:00:18]} 20. Bf4 {[%emt 0:00:16]} e5 {[%emt 0:00:08]} 21. dxe5 {[%emt 0:00:05]} g5 {[%emt 0:00:02]} 22. Nd6 {[%emt 0:00:10]} gxf4 {[%emt 0:00:17]} 23. Nxe8 {[%emt 0:00:02]} Rxe8 {[%emt 0:00:17]} 24. exf4 {[%emt 0:00:02]} Nd4 {[%emt 0:00:02]} 25. Rxb7 {[%emt 0:00:15]} Ne2+ {[%emt 0:00:02]} 26. Kh2 {[%emt 0:00:01]} Nxf4 {[%emt 0:00:01]} 27. g3 {[%emt 0:00:03]} Nd3 {[%emt 0:00:07]} 28. f4 {[%emt 0:00:03]} Rc8 {[%emt 0:00:02]} 29. Kg2 {[%emt 0:00:16]} Bf8 {[%emt 0:00:05]} 30. Rb3 {[%emt 0:00:12]} Rc2+ {[%emt 0:00:11]} 31. Kf3 {[%emt 0:00:01]} Nc5 {[%emt 0:00:02]} 32. Re3 {[%emt 0:00:01]} a4 {[%emt 0:00:05]} 33. f5 {[%emt 0:00:02]} Nb3 {[%emt 0:00:08]} 34. Kg4 {[%emt 0:00:10]} Bxa3 {[%emt 0:00:07]} 35. e6 {[%emt 0:00:04]} Rc7 {[%emt 0:00:22]} 36. Rd1 {[%emt 0:00:07]} fxe6 {[%emt 0:00:10]} 37. fxe6 {[%emt 0:00:02]} Rg7+ {[%emt 0:00:02]} 38. Kf5 {[%emt 0:00:07]} Be7 {[%emt 0:00:03]} 39. Rd7 {[%emt 0:00:05]} Nc5 {[%emt 0:00:02]} 40. Ra7 {[%emt 0:00:02]} h5 {[%emt 0:00:09]} 41. h4 {[%emt 0:00:02]} Kh7 {[%emt 0:00:01]} 42. Re5 {[%emt 0:00:03]} Kh6 {[%emt 0:00:01]} 43. Rxe7 {[%emt 0:00:02]} Rxe7 {[%emt 0:00:02]} 44. Rxc5 {[%emt 0:00:01]} Ra7 {[%emt 0:00:00]} 45. Kf6 {[%emt 0:00:03]} a3 {[%emt 0:00:01]} 46. Rc1 {[%emt 0:00:01]} a2 {[%emt 0:00:01]} 47. e7 {[%emt 0:00:02]} a1=Q+ {[%emt 0:00:07]} 48. Rxa1 {[%emt 0:00:01]} Rxa1 {[%emt 0:00:02]} 49. e8=Q {[%emt 0:00:02]} Rf1+ {[%emt 0:00:01]} 50. Ke7 {[%emt 0:00:02]} Re1+ {[%emt 0:00:01]} 51. Kd7 {[%emt 0:00:01]} Rxe8 {[%emt 0:00:02]} 52. Kxe8 {[%emt 0:00:01]} Kg6 {[%emt 0:00:02]} 53. Kf8 {[%emt 0:00:02]} Kf6 {[%emt 0:00:02]} 54. Ke8 {[%emt 0:00:05]} Ke6 {[%emt 0:00:01]} 55. Kf8 {[%emt 0:00:02]} Kf6 {[%emt 0:00:01]} 56. Ke8 {[%emt 0:00:01]} Ke6 {[%emt 0:00:02]} 1/2-1/2

[Event "53rd Biel Blitz 2020"]
[Site "Biel"]
[Date "2020.07.25"]
[Round "7.1"]
[White "Studer, Noel"]
[Black "Naiditsch, Arkadji"]
[Result "0-1"]
[WhiteElo "2422"]
[BlackElo "2581"]
[Annotator "TA"]
[PlyCount "96"]
[EventDate "2020.07.21"]
[EventType "tourn"]
[EventCountry "SUI"]
[SourceTitle "playchess.com"]
[Source "ChessBase"]
[SourceQuality "1"]

{[%evp 15,96,25,32,23,30,31,61,44,29,27,24,12,10,-14,-19,-4,-14,-8,-2,-22,0,-59,3,-81,4,-142,-144,-277,-273,-274,-248,-433,-410,-668,-542,-576,-575,-560,-429,-633,-489,-497,-497,-472,-480,-541,-515,-530,-502,-501,-485,-531,-542,-532,-516,-494,-488,-548,-543,-553,-553,-545,-532,-795,-783,-849,-647,-672,-668,-1746,-1746,-1556,-1501,-1262,-971,-933,-931,-29972,-1384,-1145,-1003,-29974,-29976]} 1. d4 f5 2. c4 Nf6 3. Nf3 g6 4. g3 Bg7 5. Bg2 O-O 6. O-O d6 7. Nc3 c6 $1 {[%mdl 4] outshines the older 7...Qe8. Played by Hikaru Nakamura in June 2020.} 8. Re1 Na6 9. a3 {[#] A88: Dutch Defence: Leningrad System: 5 Nf3 0-0 6 0-0 d6 7 Nc3 c6.} Rb8 $146 ({Predecessor:} 9... Qe8 10. Qc2 e5 11. e4 fxe4 12. Nxe4 Nxe4 13. Qxe4 Bf5 14. Qh4 e4 15. Ng5 h6 16. Nxe4 d5 17. cxd5 {0-1 (37) Studer,N (2580)-Sipila,V (2402) chess.com INT 2020}) 10. Qd3 Kh8 11. Bf4 {White is slightly better.} Nc7 12. Rad1 b5 13. cxb5 Nxb5 14. Na2 Nd5 15. Bg5 Nbc7 16. Qc2 Bd7 17. Bd2 Qc8 18. Ba5 (18. e3 $11) 18... Ne8 (18... Qb7 $15) 19. b4 (19. e3 $11) 19... Nef6 (19... f4 $1 $17) 20. Nc1 {[#]} (20. e3 $11 {keeps the balance.}) 20... f4 $1 $17 {White is on the road to losing.} 21. e4 (21. Nd3 $17) 21... fxe3 $1 $19 22. fxe3 Bh6 23. Rd3 $2 (23. Qd3 {only move.}) 23... Bf5 {[%mdl 64] Skewer} 24. Nh4 (24. Qd2 $142) 24... Bxd3 25. Qxd3 Ng4 26. e4 Nde3 27. Bh3 (27. Nf3 $142) 27... Nf2 28. Bxc8 Nxd3 29. Nxd3 Rbxc8 ({Weaker is} 29... Rfxc8 30. Rc1 $19) 30. Nf2 Nc4 31. Ng4 Bg7 32. e5 dxe5 33. Nxe5 Bxe5 34. dxe5 Nxa5 35. bxa5 {[%mdl 4096] Endgame KRR-KRN} c5 36. Ng2 c4 37. Ne3 c3 38. Rc1 Rfd8 39. Kf2 Rd2+ 40. Kf3 Rxh2 41. Ke4 Rd2 42. e6 c2 43. a6 Kg7 44. Ke5 Rd3 45. Ke4 Rxa3 46. Nd5 Rxa6 (46... Rc4+ $142 47. Ke5 Ra5 48. Rxc2 Rxc2 49. Ke4 Rxa6 50. Ne3 Rxe6+ 51. Kd3 {[#]} Rxe3+ $1 {[%mdl 512]} 52. Kxe3 Rc3+ 53. Kd2 Rxg3 54. Ke2 h5 55. Kf1 h4 56. Kf2 Kf6 57. Ke2 Kf5 58. Kd2 Ke4 59. Kc2 h3 60. Kd2 h2 61. Kc2 h1=Q 62. Kd2 Qh2+ 63. Ke1 Rg1#) 47. Ke5 Ra5 {...Rc4 is the strong threat.} 48. Kd4 Rd8 {Accuracy: White = 44%, Black = 69%.} 0-1

[Event "53rd Biel Blitz 2020"]
[Site "Biel"]
[Date "2020.07.25"]
[Round "7.2"]
[White "Edouard, Romain"]
[Black "Anton Guijarro, David"]
[Result "0-1"]
[WhiteElo "2614"]
[BlackElo "2590"]
[Annotator "TA"]
[PlyCount "67"]
[EventDate "2020.07.21"]
[EventType "tourn"]
[EventCountry "SUI"]
[SourceTitle "playchess.com"]
[Source "ChessBase"]
[SourceQuality "1"]

{[%evp 15,67,25,64,0,0,0,0,0,12,0,0,0,0,-2,-2,-2,-2,-1,-3,-4,-5,-19,-20,-52,-43,-57,-53,-61,7,-30,-3,-27,-32,-56,-38,-99,-96,-101,-78,-77,-72,-116,-91,-96,-81,-196,-193,-252,-241,-245,-242,-246,-240,-230]} 1. c4 Nf6 2. Nc3 g6 3. e4 d6 4. d4 Bg7 5. Nf3 O-O 6. Be2 Na6 7. O-O e5 8. Be3 {The main line 8.Be3 scores better than 8.Re1.} Qe7 9. c5 {E94: King's Indian: Classical: 6 Be2 e5 7 0-0: Various Black 7th moves.} ({White should play} 9. d5 $14) 9... exd4 $11 10. cxd6 ({Of course not} 10. Bxd4 Nxc5 11. Nd5 Nxd5 $15) 10... cxd6 11. Bxd4 {The position is equal.} Nc5 12. Re1 Ncxe4 13. Nxe4 Qxe4 14. Bc4 {[#]} Qf5 $146 ({Predecessor:} 14... Qf4 15. Qb3 d5 16. Bd3 Qd6 17. Qc3 Re8 18. Rxe8+ Nxe8 19. Re1 Be6 20. h4 Bxd4 21. Qxd4 {0-1 (65) Sipila,V (2447)-Sepp,O (2434) Finland 2016}) 15. Qb3 d5 16. Bd3 Ne4 17. Bxg7 Kxg7 18. Rac1 b6 19. Rc7 Be6 20. Bxe4 dxe4 21. Qc3+ Qf6 (21... Kg8 $15 22. Nd4 Qf6) 22. Nd4 (22. Ng5 $5 {[%cal Rg5e6]} Qxc3 23. Nxe6+ Kg8 24. bxc3 (24. Rxc3 fxe6 25. Rce3 Rad8 $11) 24... fxe6 25. Rxe4 $11) 22... Bd5 23. Re3 {[#] Intending Nf5+! and mate.} Kg8 24. Nb5 Qe6 25. Rxa7 (25. Nd4 $15 Qg4 26. h3 Qd1+ 27. Kh2) 25... Rxa7 $17 26. Nxa7 Ra8 $36 {[%mdl 2048] Keeping White busy.} 27. Nb5 {Strongly threatening Nc7.} Rxa2 {White must now prevent ...Qc6.} 28. h3 Qd7 29. Nd4 h5 30. Ne2 (30. Re1 $17) 30... Ra1+ $19 31. Kh2 {[#]} (31. Nc1 $142) 31... Qd6+ $1 32. g3 {Black is clearly better.} Bb7 {And now ...Qd1 would win.} 33. Qd4 Qxd4 34. Nxd4 {Accuracy: White = 66%, Black = 88%.} 0-1

[Event "53rd Biel Blitz 2020"]
[Site "Biel"]
[Date "2020.07.25"]
[Round "7.3"]
[White "Harikrishna, Pentala"]
[Black "Adams, Michael"]
[Result "0-1"]
[WhiteElo "2663"]
[BlackElo "2709"]
[Annotator "TA"]
[PlyCount "85"]
[EventDate "2020.07.21"]
[EventType "tourn"]
[EventCountry "SUI"]
[SourceTitle "playchess.com"]
[Source "ChessBase"]
[SourceQuality "1"]

{[%evp 19,85,25,19,30,25,25,25,22,27,25,32,27,35,28,32,31,35,34,75,67,135,136,184,185,200,154,150,142,144,131,191,87,123,91,168,102,119,128,157,160,194,188,204,79,78,77,95,59,68,0,0,0,0,0,0,0,38,25,24,25,24,31,25,-651,-643,-640,-631,-1205]} 1. e4 e5 2. Nf3 Nc6 3. Bb5 a6 4. Ba4 Nf6 5. O-O b5 6. Bb3 Bb7 7. d3 Bc5 8. a4 O-O 9. Nc3 Na5 10. axb5 Nxb3 11. cxb3 {C78: Ruy Lopez: Archangelsk and Möller Defences.} axb5 12. Rxa8 Bxa8 13. Nxe5 {White has an edge.} Re8 {With the idea ...b4. is the legacy move (13...b4).} 14. Nf3 d5 {[%cal Rd5e4]} 15. e5 d4 $1 {[%cal Rd4c3]} 16. Nxb5 Nd7 17. Bf4 {[#]} Nf8 $146 ({Predecessor:} 17... Bxf3 18. Qxf3 Nxe5 19. Bxe5 Rxe5 20. Na3 g6 21. Nc4 Re6 22. Qb7 Qe7 23. g3 Bb4 {½-½ (33) Peczkowski,M (2299)-Hinz,H (2319) ICCF email 2014}) 18. b4 Bb6 19. Na3 Ne6 (19... Ng6 $14 20. Bg3 Bxf3 21. Qxf3 Nxe5 22. Bxe5 Rxe5) 20. Bd2 $16 h6 21. Nc4 Bd5 22. b3 c6 23. Ne1 Bc7 24. f4 f5 {[#]} (24... Qh4 $16 25. Qe2 Ra8) 25. Nf3 (25. Qh5 $1 $18) 25... Kh7 26. Qe1 Qe7 (26... Qd7 $16 {was worth a try.} 27. Qa1 Rb8) 27. Qh4 (27. Qf2 $18) 27... Qxh4 28. Nxh4 g6 {[#]} 29. Ra1 $1 Bd8 30. Nf3 g5 31. fxg5 (31. Nd6 $18 Rg8 32. Nxf5) 31... hxg5 32. Ra8 {Black must now prevent Nxg5+!} Rg8 33. Nd6 g4 34. Ra7+ ({White should try} 34. Ne1 $1 $14) 34... Kg6 $1 $11 35. Ne1 f4 36. b5 cxb5 37. Nxb5 f3 {...Rf8 is the strong threat.} 38. Ra6 {aiming for Rd6.} Rf8 {Hoping for ...f2+.} 39. gxf3 gxf3 40. Nxf3 Rxf3 41. Rd6 $2 {[%mdl 8192]} (41. Nxd4 $11 Rxd3 42. Nxe6 Rxd2 43. Nxd8+ Kf5 44. e6) 41... Rxd3 $19 {[%mdl 64] Double Attack} 42. Be1 Bxb3 43. Na7 {Quite a comeback for Black. Accuracy: White = 57%, Black = 67%.} 0-1